000
00229nam a22001097a 4500
999
_c
12552
_d
12552
020
_a
9788131520772
082
_a
155.2
100
_a
Schultz, Duane P.
245
_a
Theories of Personality
250
_a
10th edition
942
_c
BK